| 000 | 00547nam a2200193 a 4500 | ||
|---|---|---|---|
| 001 | BRCA_2887 | ||
| 005 | 20190320204021.0 | ||
| 008 | 111208s1918----nyua---###---#000-0#eng-u | ||
| 050 | 4 |
_aF1226 _b.H37 1918 |
|
| 100 | 1 |
_aHasbrouck, Louise Seymour _98049 |
|
| 245 | 1 | 0 |
_aMéxico from Cortes to Carranza _cby Louise S. Hasbrouck. |
| 260 |
_aNew York _bD. Appleton _c1918 |
||
| 300 |
_aix, 329 p. _bil. _c19 cm. |
||
| 500 | _aIncluye índice de ilustraciones. | ||
| 500 | _aB26 | ||
| 651 | 4 |
_aMéxico _xHistoria _9614 |
|
| 902 | _aGFM | ||
| 942 |
_2lcc _cB |
||
| 999 |
_c2626 _d2626 |
||